| 000 | 00906cam a22002655a 4500 | ||
|---|---|---|---|
| 001 | 18220627 | ||
| 005 | 20201128023637.0 | ||
| 008 | 140710t2015 enka frb 001 0 eng d | ||
| 020 | _a9780199366040 | ||
| 040 |
_aDLC _beng _cDLC _dDLC _dEG-ScBUE |
||
| 082 | 0 | 4 |
_a382.92 _222 _bJON |
| 100 | 1 |
_aJones, Kent Albert. _939412 |
|
| 245 | 1 | 0 |
_aReconstructing the World Trade Organization for the 21st century : _ban institutional approach / _cKent Jones. |
| 260 |
_aOxford ; _aNew York : _bOxford University Press, _cc.2015. |
||
| 300 |
_axx, 298 p. : _bill. ; _c25 cm. |
||
| 500 | _aIndex : p. 283-298. | ||
| 504 | _aBibliography : p. 267-281. | ||
| 610 | 2 | 0 | _aWorld Trade Organization. |
| 650 | 0 |
_aFree trade. _2BUEsh _937259 |
|
| 650 | 7 |
_aInternational trade. _2BUEsh _94508 |
|
| 650 | 7 |
_aInternational economic relations. _2BUEsh _93036 |
|
| 651 | _2BUEsh | ||
| 653 |
_bBUSECO _cFebruary2016 |
||
| 942 | _2ddc | ||
| 999 |
_c21211 _d21183 |
||